<?xml version="1.0" encoding="UTF-8"?>
<record
    xmlns:xsi="http://www.w3.org/2001/XMLSchema-instance"
    xsi:schemaLocation="http://www.loc.gov/MARC21/slim http://www.loc.gov/standards/marcxml/schema/MARC21slim.xsd"
    xmlns="http://www.loc.gov/MARC21/slim">

  <leader>01504nam a2200253 a 4500</leader>
  <controlfield tag="001">74251</controlfield>
  <controlfield tag="003">BD-RjUL</controlfield>
  <controlfield tag="005">20211209082526.0</controlfield>
  <controlfield tag="008">180417m20102009bg ||||| |||| 000 0 ben d</controlfield>
  <datafield tag="020" ind1=" " ind2=" ">
    <subfield code="a">9789843308832</subfield>
    <subfield code="c">Tk.300.00</subfield>
  </datafield>
  <datafield tag="035" ind1=" " ind2=" ">
    <subfield code="a">(BD-RjUL)74469</subfield>
  </datafield>
  <datafield tag="040" ind1=" " ind2=" ">
    <subfield code="a">BD-RjUL</subfield>
    <subfield code="b">eng</subfield>
    <subfield code="c">BD-RjUL</subfield>
  </datafield>
  <datafield tag="041" ind1=" " ind2=" ">
    <subfield code="a">ben</subfield>
  </datafield>
  <datafield tag="082" ind1=" " ind2=" ">
    <subfield code="2">23</subfield>
    <subfield code="a">297.5675</subfield>
    <subfield code="b">KUS 2009 </subfield>
  </datafield>
  <datafield tag="100" ind1="1" ind2=" ">
    <subfield code="a">&#x995;&#x9C1;&#x9AE;&#x9CD;&#x9AC;&#x9BF;, &#x986;&#x9AC;&#x9CD;&#x9AC;&#x9BE;&#x9B8; &#x9AC;&#x9BF;&#x9A8; &#x9AE;&#x9C1;&#x9B9;&#x9BE;&#x9AE;&#x9CD;&#x9AE;&#x9BE;&#x9A6; &#x9B0;&#x9C7;&#x99C;&#x9BE;</subfield>
    <subfield code="9">221161</subfield>
  </datafield>
  <datafield tag="245" ind1="1" ind2="0">
    <subfield code="a">&#x9B6;&#x9CB;&#x995;&#x9BE;&#x9B0;&#x9CD;&#x9A4;&#x9C7;&#x9B0; &#x9A6;&#x9C0;&#x9B0;&#x9CD;&#x998;&#x9B6;&#x9CD;&#x9AC;&#x9BE;&#x9B8; (&#x9A8;&#x9BE;&#x9AB;&#x9BE;&#x9B8;&#x9C1;&#x9B2; &#x9AE;&#x9BE;&#x9B9;&#x9AE;&#x9C1;&#x9AE;) /</subfield>
    <subfield code="c">&#x986;&#x9AC;&#x9CD;&#x9AC;&#x9BE;&#x9B8; &#x9AC;&#x9BF;&#x9A8; &#x9AE;&#x9C1;&#x9B9;&#x9BE;&#x9AE;&#x9CD;&#x9AE;&#x9BE;&#x9A6; &#x9B0;&#x9C7;&#x99C;&#x9BE; &#x986;&#x9B2;&#x995;&#x9C1;&#x9AE;&#x9CD;&#x9AC;&#x9BF;, ; &#x985;&#x9A8;&#x9C1;&#x9AC;&#x9BE;&#x9A6; &#x9AE;&#x9C1;&#x9B9;&#x9BE;&#x9AE;&#x9CD;&#x9AE;&#x9BE;&#x9A6; &#x987;&#x9B0;&#x9AB;&#x9BE;&#x9A8;&#x9C1;&#x9B2; &#x9B9;&#x995; ; &#x9B8;&#x9AE;&#x9CD;&#x9AA;&#x9BE;&#x9A6;&#x995; , &#x98F; &#x995;&#x9C7; &#x98F;&#x9AE; &#x9B0;&#x9BE;&#x9B6;&#x9BF;&#x9A6;&#x9C1;&#x99C;&#x9CD;&#x99C;&#x9BE;&#x9AE;&#x9BE;&#x9A8; , &#x9AB;&#x9BE;&#x9A4;&#x9BF;&#x9AE;&#x9BE; &#x9AE;&#x9C2;&#x9A8;&#x9BE;&#x993;&#x9AF;&#x9BC;&#x9BE;&#x9B0;&#x9BE;</subfield>
  </datafield>
  <datafield tag="260" ind1=" " ind2=" ">
    <subfield code="a">&#x9A8;&#x9A1;&#x9BC;&#x9BE;&#x987;&#x9B2; :</subfield>
    <subfield code="b">&#x993;&#x9AF;&#x9BC;&#x9BE;&#x987;&#x99C;&#x9AE;&#x9CD;&#x9AF;&#x9BE;&#x9A8; &#x9AA;&#x9BE;&#x9AC;, </subfield>
    <subfield code="c">2009 , 2010</subfield>
  </datafield>
  <datafield tag="300" ind1=" " ind2=" ">
    <subfield code="a">V ;</subfield>
    <subfield code="c">&#x9E8;&#x9EA; &#x9B8;&#x9C7;&#x9AE;&#x9BF;.</subfield>
  </datafield>
  <datafield tag="505" ind1=" " ind2=" ">
    <subfield code="a">V. 1 - 2. &#x995;&#x9BE;&#x9B0;&#x9AC;&#x9BE;&#x9B2;&#x9BE;&#x9B0; &#x9AE;&#x9B0;&#x9CD;&#x9AE;&#x9BE;&#x9A8;&#x9CD;&#x9A4;&#x9BF;&#x995; &#x987;&#x9A4;&#x9BF;&#x9B9;&#x9BE;&#x9B8; --</subfield>
  </datafield>
  <datafield tag="650" ind1=" " ind2=" ">
    <subfield code="a">&#x987;&#x9B8;&#x9B2;&#x9BE;&#x9AE;</subfield>
    <subfield code="v">&#x987;&#x9A4;&#x9BF;&#x9B9;&#x9BE;&#x9B8;</subfield>
    <subfield code="z">&#x987;&#x9B0;&#x9BE;&#x995;--&#x995;&#x9BE;&#x9B0;&#x9AC;&#x9BE;&#x9B2;&#x9BE;</subfield>
    <subfield code="9">221162</subfield>
  </datafield>
  <datafield tag="650" ind1=" " ind2=" ">
    <subfield code="a">Islam </subfield>
    <subfield code="v"> History.</subfield>
    <subfield code="z">Iraq--Karbal&#x101;&#x2BC;</subfield>
    <subfield code="9">221163</subfield>
  </datafield>
  <datafield tag="700" ind1=" " ind2=" ">
    <subfield code="a">&#x987;&#x9B0;&#x9AB;&#x9BE;&#x9A8;&#x9C1;&#x9B2; &#x9B9;&#x995;,&#x9AE;&#x9C1;&#x9B9;&#x9BE;&#x9AE;&#x9CD;&#x9AE;&#x9BE;&#x9A6; , &#x985;&#x9A8;&#x9C1;&#x9AC;&#x9BE;&#x9A6;&#x995; ; &#x9B0;&#x9BE;&#x9B6;&#x9BF;&#x9A6;&#x9C1;&#x99C;&#x9CD;&#x99C;&#x9BE;&#x9AE;&#x9BE;&#x9A8;, &#x98F; &#x995;&#x9C7; &#x98F;&#x9AE; (&#x9B8;&#x9AE;&#x9CD;&#x9AA;&#x9BE;&#x9A6;&#x995;)</subfield>
    <subfield code="9">221164</subfield>
  </datafield>
  <datafield tag="942" ind1=" " ind2=" ">
    <subfield code="2">ddc</subfield>
    <subfield code="c">BK</subfield>
  </datafield>
  <datafield tag="999" ind1=" " ind2=" ">
    <subfield code="c">74251</subfield>
    <subfield code="d">74251</subfield>
  </datafield>
  <datafield tag="952" ind1=" " ind2=" ">
    <subfield code="0">0</subfield>
    <subfield code="1">0</subfield>
    <subfield code="2">ddc</subfield>
    <subfield code="4">0</subfield>
    <subfield code="7">1</subfield>
    <subfield code="8">NFIC</subfield>
    <subfield code="a">RUCL</subfield>
    <subfield code="b">RUCL</subfield>
    <subfield code="c">Reading</subfield>
    <subfield code="d">2017-04-27</subfield>
    <subfield code="e">Iran Embassy Dhaka</subfield>
    <subfield code="g">300.00</subfield>
    <subfield code="l">0</subfield>
    <subfield code="o">B 297.5675 KUS 2009 V-1</subfield>
    <subfield code="r">2018-04-17 00:00:00</subfield>
    <subfield code="t">C-1</subfield>
    <subfield code="w">2018-04-17</subfield>
    <subfield code="y">BK</subfield>
  </datafield>
  <datafield tag="952" ind1=" " ind2=" ">
    <subfield code="0">0</subfield>
    <subfield code="1">0</subfield>
    <subfield code="2">ddc</subfield>
    <subfield code="4">0</subfield>
    <subfield code="7">1</subfield>
    <subfield code="8">NFIC</subfield>
    <subfield code="a">RUCL</subfield>
    <subfield code="b">RUCL</subfield>
    <subfield code="c">Reading</subfield>
    <subfield code="d">2017-04-27</subfield>
    <subfield code="e">Iran Embassy Dhaka</subfield>
    <subfield code="g">300.00</subfield>
    <subfield code="l">0</subfield>
    <subfield code="o">B 297.5675 KUS 2009 V-2</subfield>
    <subfield code="r">2018-04-17 00:00:00</subfield>
    <subfield code="t">C-1</subfield>
    <subfield code="w">2021-12-09</subfield>
    <subfield code="y">BK</subfield>
  </datafield>
</record>
